书目信息 |
| 题名: |
老板财税管控
|
|
| 作者: | 许声宏 著 | |
| 分册: | ||
| 出版信息: | 北京 中国商业出版社 2022.01 |
|
| 页数: | 204页 | |
| 开本: | 24cm | |
| 丛书名: | ||
| 单 册: | ||
| 中图分类: | F812.423 | |
| 科图分类: | ||
| 主题词: | 企业管理--qi ye guan li--财务管理--基本知识--中国 , 企业管理--qi ye guan li--税收管理--基本知识--中国 | |
| 电子资源: | ||
| ISBN: | 978-7-5208-1897-1 | |
| 000 | 01276nam0 2200265 450 | |
| 001 | CAL 012022004909 | |
| 005 | 20230217093112.0 | |
| 010 | @a978-7-5208-1897-1@dCNY68.00 | |
| 100 | @a20220829d2022 em y0chiy0120 ea | |
| 101 | 0 | @achi |
| 102 | @aCN@b110000 | |
| 105 | @ay z 000yy | |
| 106 | @ar | |
| 200 | 1 | @a老板财税管控@Alao ban cai shui guan kong@e风险防控100问@f许声宏著 |
| 210 | @a北京@c中国商业出版社@d2022.01 | |
| 215 | @a204页@d24cm | |
| 314 | @a许声宏, 经济管理本科、行政管理本科、工商管理研究生毕业。 | |
| 330 | @a本书内容包括: 营运资金风险: 多方举措, 化解营运资金风险、流动性风险: 集中纠偏, 减少流动性风险、资金回收风险: 紧抓管控, 规避资金回收风险、收益分配风险: 完善制度, 杜绝收益分配风险、筹资风险: 强化逻辑, 预防筹资风险、投资风险: 牵引指导, 防范投资风险、并购风险: 积极应对, 防范企业并购风险、财务预警与财务预警系统: 细化管理, 设定财务预警机制、外汇风险: 完善制度, 减少外汇风险、跨国经营风险: 高度关注, 防范跨国经营风险。 | |
| 517 | 1 | @a风险防控100问@Afeng xian fang kong 100 wen |
| 606 | 0 | @a企业管理@Aqi ye guan li@x财务管理@x基本知识@y中国 |
| 606 | 0 | @a企业管理@Aqi ye guan li@x税收管理@x基本知识@y中国 |
| 690 | @aF812.423@v5 | |
| 701 | 0 | @a许声宏@Axu sheng hong@4著 |
| 801 | 0 | @aCN@bBJXHZP@c20230228 |
| 905 | @b1396855-8@dF812.423@e110@f4 | |
| 老板财税管控:风险防控100问/许声宏著.-北京:中国商业出版社,2022.01 |
| 204页;24cm |
| ISBN 978-7-5208-1897-1:CNY68.00 |
| 本书内容包括: 营运资金风险: 多方举措, 化解营运资金风险、流动性风险: 集中纠偏, 减少流动性风险、资金回收风险: 紧抓管控, 规避资金回收风险、收益分配风险: 完善制度, 杜绝收益分配风险、筹资风险: 强化逻辑, 预防筹资风险、投资风险: 牵引指导, 防范投资风险、并购风险: 积极应对, 防范企业并购风险、财务预警与财务预警系统: 细化管理, 设定财务预警机制、外汇风险: 完善制度, 减少外汇风险、跨国经营风险: 高度关注, 防范跨国经营风险。 |
| ● |
| 相关链接 |
|
|
|
|
正题名:老板财税管控
索取号:F812.423/110
 
预约/预借
| 序号 | 登录号 | 条形码 | 馆藏地/架位号 | 状态 | 备注 |
| 1 | 1396855 | 213968553 | 第一样本阅览室/ [索取号:F812.423/110] | 在馆 | |
| 2 | 1396856 | 213968562 | 第一借阅区/ [索取号:F812.423/110] | 在馆 | |
| 3 | 1396857 | 213968571 | 第一借阅区/ [索取号:F812.423/110] | 在馆 | |
| 4 | 1396858 | 213968580 | 第一借阅区/ [索取号:F812.423/110] | 在馆 |